000 00436nam a22001577a 4500
020 _a978000019482
082 _aM2
_bKAL/M
100 _aKaladharan K
_9180273
245 _aMayadushyanthan/
_cby Kaladharan K
260 _aKottayam:
_bSahithya Pravathaka Co-operative Society,
_c2013.
300 _a112p.
650 _aDrama Malayalam
_9180274
650 _aLiterature Malayalam
_9180275
650 _aLiterature
_9180276
942 _cBK
999 _c143141
_d143141